Lenguaje y mejoramiento cualitativo de la formación del estudiante

Shranjeno v:
Bibliografske podrobnosti
Glavni avtor: Praus Petroff, Wadim (autor)
Format: Knjiga
Jezik:španščina
Izdano: Valparaíso Pontificia Universidad Católica de Valparaíso 1998
Teme:
Oznake: Označite
Brez oznak, prvi označite!

MARC

LEADER 00000nam a2200000 a 4500
001 UCH1815
003 CL-VaPUC
008 090514e19980000CL |||||||||||||||||spa|d
082 0 4 |a 372.6  |b PRA  |2 21 
100 |a Praus Petroff, Wadim  |e autor  |9 459964 
245 1 0 |a Lenguaje y mejoramiento cualitativo de la formación del estudiante 
300 |a 17 h 
942 |c BK 
945 |d 20090514 00:00:00  |a rbrito 
260 |a Valparaíso  |b Pontificia Universidad Católica de Valparaíso  |c 1998 
650 0 |a Adquisición del lenguaje   |9 309032 
650 0 |a Lenguaje   |9 265069 
650 0 |a Desarrollo del lenguaje   |9 311270 
583 |a last modification  |c 20090514 00:00:00  |k Rodrigo Vera 
999 |c 333712  |d 333710 
952 |0 0  |1 0  |4 0  |6 372_600000000000000_PRA_1998  |7 0  |8 X  |9 422311  |a FDOBUD  |b FDOBUD  |d 2019-11-22  |i 4546911  |o 372.6 PRA 1998  |p 4546911  |r 2019-11-22  |w 2019-11-22  |y BK_X  |k BUD